Developmental Social Psychology (Record no. 130378)
[ view plain ]
| 000 -LEADER | |
|---|---|
| fixed length control field | 00480nam a22001457a 4500 |
| 008 - FIXED-LENGTH DATA ELEMENTS--GENERAL INFORMATION | |
| fixed length control field | 200218b ||||| |||| 00| 0 eng d |
| 050 ## - LIBRARY OF CONGRESS CALL NUMBER | |
| Classification number | HM251.D83 1995 |
| 100 ## - MAIN ENTRY--PERSONAL NAME | |
| Personal name | Durkin, Kevin |
| 9 (RLIN) | 49564 |
| 245 ## - TITLE STATEMENT | |
| Title | Developmental Social Psychology |
| Remainder of title | from infancy to old age |
| Statement of responsibility, etc | Kevin Durkin |
| 260 ## - PUBLICATION, DISTRIBUTION, ETC. (IMPRINT) | |
| Place of publication, distribution, etc | Massachusetts |
| Name of publisher, distributor, etc | Blackwell Publishing |
| Date of publication, distribution, etc | 1995 |
| 300 ## - PHYSICAL DESCRIPTION | |
| Extent | liii, 776p. ; |
| Dimensions | 25cm. |
| 650 ## - SUBJECT ADDED ENTRY--TOPICAL TERM | |
| Topical term or geographic name as entry element | Social psychology |
| 9 (RLIN) | 16638 |
| 650 ## - SUBJECT ADDED ENTRY--TOPICAL TERM | |
| Topical term or geographic name as entry element | Developmental psychology |
| 9 (RLIN) | 28061 |
| 942 ## - ADDED ENTRY ELEMENTS (KOHA) | |
| Source of classification or shelving scheme | Library of Congress Classification |
| Item type | Monograph ( Printed materials) |
| Withdrawn status | Lost status | Source of classification or shelving scheme | Damaged status | Not for loan | Collection code | Home library | Current library | Shelving location | Date acquired | Total Checkouts | Full call number | Barcode | Date last seen | Price effective from | Koha item type |
|---|---|---|---|---|---|---|---|---|---|---|---|---|---|---|---|
| Library of Congress Classification | Main Collection | ARRUPE LIBRARY | ARRUPE LIBRARY | Main Collection | 18/02/2020 | HM251.D83 1995 | 46600006403 | 18/02/2020 | 18/02/2020 | Monograph ( Printed materials) |